La nueva monarquía y el nuevo rey / (Record no. 152833)

MARC details
000 -LEADER
campo de control de longitud fija 00874nam a22002175i 4500
001 - NÚMERO DE CONTROL
campo de control 152833
003 - IDENTIFICADOR DE NÚMERO DE CONTROL
campo de control ES-MaACL
005 - FECHA Y HORA DE LA ÚLTIMA TRANSACCIÓN
campo de control 20260301183522.0
008 - DATOS DE LONGITUD FIJA--INFORMACIÓN GENERAL
campo de control de longitud fija 991018s1869 sp |||| | spa d
080 ## - NÚMERO DE LA CLASIFICACIÓN DECIMAL UNIVERSAL
Número de la Clasificación Decimal Universal 929 Alfonso (460) XII
080 ## - NÚMERO DE LA CLASIFICACIÓN DECIMAL UNIVERSAL
Número de la Clasificación Decimal Universal 94(460)"1868/70"
100 1# - ENTRADA PRINCIPAL--NOMBRE DE PERSONA
Nombre de persona Buisen y Tomaty, Enrique.
9 (RLIN) 32464
245 13 - MENCIÓN DEL TÍTULO
Título La nueva monarquía y el nuevo rey /
Mención de responsabilidad, etc. por Don Enrique Buisen y Tomaty.
260 ## - PUBLICACIÓN, DISTRIBUCIÓN, ETC.
Lugar de publicación, distribución, etc. Madrid :
Nombre del editor, distribuidor, etc. [s.n.],
Fecha de publicación, distribución, etc. 1869 (
Fabricante Imp. del Norte a cargo de C. Moro)
300 ## - DESCRIPCIÓN FÍSICA
Extensión 31 p. ;
Dimensiones 24 cm.
600 04 - PUNTO DE ACCESO ADICIONAL DE MATERIA--NOMBRE DE PERSONA
Nombre de persona Alfonso
Numeración XII,
Títulos y otros términos asociados al nombre Rey de España
9 (RLIN) 19874
651 #4 - PUNTO DE ACCESO ADICIONAL DE MATERIA--NOMBRE GEOGRÁFICO
Nombre geográfico España-
Subdivisión general Reyes y soberanos-
-- Sucesión.
9 (RLIN) 156094
852 4# - LOCALIZACIÓN
Ubicación ES-MaACL
Número de control de estantería T-105-F-19
Nota libre - Enc. hol., falto de la enc. original
-- - Enc. en un vol. facticio
856 4# - LOCALIZACIÓN Y ACCESO ELECTRÓNICOS
Identificador Uniforme de Recursos <a href="http://bdh-rd.bne.es/viewer.vm?id=0000261732&page=1 ">http://bdh-rd.bne.es/viewer.vm?id=0000261732&page=1 </a>
Nota pública Biblioteca Digital Hispánica
Holdings
Estatus retirado Estado de pérdida Estado de daño No para préstamo Colección Biblioteca de origen Biblioteca actual Ubicación en estantería Fecha de adquisición Total de préstamos Signatura topográfica completa Código de barras Visto por última vez Precio de reemplazo Tipo de ítem Koha
        Colección de folletos Biblioteca del Ateneo de Madrid Biblioteca del Ateneo de Madrid Depósito folletos 17/01/2008   T-105-F-19 1159623 23/02/2023 23/02/2023 Folleto